00689nam a2200193 i 450000100060000000300090000600500170001500700030003200800410003510000300007624501030010625000150020926000340022430000220025870000440028085200320032499900170035695201220037395863ES-MaACL20251114150616.0t|050606s1972 sp ||||1| spa d1 aMacDonald, Philip.97512010aCuatro historias de muerte / cPhilip MacDonald; traducción del inglés Miguel Giménez Sales. a[1ª ed.]. aBarcelona : bPicazo, c1972. a204 p. ; c18 cm.1 aGiménez Sales, Miguel, d1922-957067 aES-MaACLjC-52647 bR.82347 c95863d95863 00104070aATENEOMbATENEOMcDEPO2d2008-01-17eSCl0oC-52647p1100096r2023-02-23 00:00:00w2023-02-23yMONOGRAFIA